000 01972cam a22006014i 4500
003 PE-LiUPU
005 20250731170500.0
008 150616s1995 miu rb 000 0 eng d
020 _a0853646740
035 _a(Sirsi) i9780853646747
040 _aPE-LiUPU
_bspa
_cPE-LiUPU
_erda
049 _aPRUA
082 0 4 _a174.2
_bB13
_221
100 1 _aKilner, John F.,
_eautor.
245 1 0 _aBioethics and the Future of Medicine /
_cJohn F. Kilner.
264 1 _aGrand Rapids, Michigan :
_bWilliam B. Eerdmans Publishing Company,
_c1995.
300 _a313 páginas ;
_c21 centímetros.
336 _atext
_2rdacontent
337 _aunmediated
_2rdamedia
338 _avolume
_2rdacarrier
490 0 _aHorizons in Bioethics Series ;
_v1
504 _aBibliografía al final de cada capítulo.
505 0 _aThe christian stake in bioethics: Th e state of the question -- The medical profession in modern society: The importance of defining limits -- Daniel versus Saul: Toward a distinctly christian.
526 _aSEG68
526 _aSEG70
526 _aSEG69
526 _aSEG67
526 _aSEG43
526 _aP144
526 _aP143
526 _aP131
526 _aP122
526 _aP120
526 _aP117
526 _aP112
526 _aP110
526 _aP106
526 _aP101
526 _aP80
526 _aP59
526 _aP54
526 _aP35
526 _aP33
526 _aP30
650 0 4 _aMedicos - Etica profesional.
910 _ajck
_bjvq
_cjck
942 _2ddc
_cBOOK
949 _a174.2 B13
_wDEWEY
_c1
_i42587
_lCCODEBUL1
_mBUL
_r0
_sY
_tBOOK
_u2015-6-16
_xTEOLOGIA
_zUNKNOWN
_0COMPRA
_o.STAFF. Colección General
994 _aC0
_bPEPRU
596 _a1
999 _a174.2 B13
_wDEWEY
_c60423
_i42587
_f2021-11-4
_g5
_lCCODEBUL1
_mBUL
_p39.95
_r0
_sY
_tBOOK
_u2015-6-16
_xBIBLIOTECA
_PP35
_0COMPRA
_o.STAFF. Colección Teología
_d60423
980 _81
_gALBERTO SANCHEZ Responsable de Automatización